00628nam a2200193Ia 4500001002400000003000900024008004100033040002300074041001300097100002200110245003300132250001500165260002700180300001900207490004100226500003400267501012400301520000900425450.9-MIG br st (14857)IT-MiSPE171229s9999||||xx |||||||||||||| ||und|| aIT-MiSPEcIT-MiSPE aITALIANO aBruno Migliorini  0aStoria della lingua italiana a1a ed. (v) aFirenzebSansonic1962 a708 p. c17 cm aLe piccole storie illustratev 82/83 aItalia - Lingua e letteratura aEdizioni San Paolo srl - Piazza Soncino, 5 - 20092 CINISELLO BALSAMO (MI) (non commercial uses only) ® Copyright 2018 aTav.